Creación de empresas, crecimiento en la productividad y cambio estructural como respuesta a una modificación en la política macroeconómica. (Registro nro. 28814)

Detalles MARC
000 -LEADER
fixed length control field 00487 a2200121 4500
001 - CONTROL NUMBER
control field ART_24046
005 - DATE AND TIME OF LATEST TRANSACTION
control field 20260410161933.0
008 - FIXED-LENGTH DATA ELEMENTS--GENERAL INFORMATION
fixed length control field 260409a
100 1# - MAIN ENTRY--PERSONAL NAME
Personal name Katz, Jorge M.
245 10 - TITLE STATEMENT
Title Creación de empresas, crecimiento en la productividad y cambio estructural como respuesta a una modificación en la política macroeconómica.
700 1# - ADDED ENTRY--PERSONAL NAME
Personal name Bernat, Gonzalo
773 0# - HOST ITEM ENTRY
Title Revista de Economía Política de Buenos Aires
Related parts - Año 5, Nº 9/10 (nov. 2011)
Record control number REV23982

No hay ítems disponibles.